Architectural keywords (Record no. 111912)

MARC details
000 -LEADER
fixed length control field 00460cam a22001815a 4500
001 - CONTROL NUMBER
control field L152185
008 - FIXED-LENGTH DATA ELEMENTS--GENERAL INFORMATION
fixed length control field 1982
035 ## - SYSTEM CONTROL NUMBER
System control number (Sirsi) u152185
041 ## - LANGUAGE CODE
Language code of text/sound track or separate title eng
050 ## - LIBRARY OF CONGRESS CALL NUMBER
Classification number 025.4669
100 ## - MAIN ENTRY--PERSONAL NAME
Personal name Royal Institute of British Architects
9 (RLIN) 2527
245 ## - TITLE STATEMENT
Title Architectural keywords
260 ## - PUBLICATION, DISTRIBUTION, ETC.
Place of publication, distribution, etc. London
Name of publisher, distributor, etc. RIBA Publications
Date of publication, distribution, etc. 1982
300 ## - PHYSICAL DESCRIPTION
Extent 256p. 30cm
651 #4 - SUBJECT ADDED ENTRY--GEOGRAPHIC NAME
Geographic name ENGLAND AND WALES
942 ## - ADDED ENTRY ELEMENTS (KOHA)
Suppress in OPAC 0
948 ## - LOCAL PROCESSING INFORMATION (OCLC); SERIES PART DESIGNATOR (RLIN)
c (OCLC) 04/03/1997
Holdings
Withdrawn status Lost status Source of classification or shelving scheme Damaged status Not for loan Home library Current library Shelving location Date acquired Total Checkouts Barcode Date last seen Copy number Price effective from Koha item type
    Dewey Decimal Classification     London London Folio 08/02/2011   152185-1001 06/08/2019 1 06/08/2019 Book